| 000 | 01182nam a2200325 c 4500 | ||
|---|---|---|---|
| 001 | 22806 | ||
| 003 | ES-MaCES | ||
| 005 | 20141221122816.0 | ||
| 008 | 100203s2009 sp l o000 | spa d | ||
| 035 | _aCES20100000572m | ||
| 040 |
_aES-MaCES _bspa _cES-MaCES |
||
| 110 | 2 |
_aConsejo Económico y Social de La Rioja _92443 |
|
| 245 | 1 | 0 |
_aDictamen 5-2009 sobre el Proyecto de Decreto por el que se aprueba el Plan de vivienda de La Rioja 2009-2012 _cConsejo Económico y Social de La Rioja |
| 260 |
_aLogroño _bCES _c[2009] |
||
| 300 |
_a12 p. _c21 cm |
||
| 500 | _aTít. tomado de la cub. | ||
| 541 | _cGratuito | ||
| 650 | 4 |
_avivienda _928598 |
|
| 650 | 4 |
_apolítica de vivienda _929419 |
|
| 650 | 4 |
_aplan regional _927022 |
|
| 650 | 4 |
_a2009-2012 _931975 |
|
| 650 | 4 |
_aLa Rioja (Comunidad Autónoma) _930883 |
|
| 650 | 4 |
_arégimen jurídico _929894 |
|
| 650 | 4 |
_adictamen _930802 |
|
| 653 | 1 | 0 | _aVivienda-Construcción-Urbanismo |
| 787 | 0 |
_tDictamen 7-2008 sobre el Anteproyecto de decreto por el que se aprueba el Plan de vivienda de La Rioja _w(ES-MaCES)21846 |
|
| 902 | _aLIB Libro | ||
| 942 |
_2CES _cBK _h5.2. |
||
| 999 |
_c22806 _d22806 |
||